[Event "BL 8990 Lasker-HSK"]
[Site "?"]
[Date "1990.??.??"]
[Round "?.6"]
[White "Meier, V."]
[Black "Sievers, S."]
[Result "0-1"]
[WhiteElo "2240"]
[BlackElo "2255"]
[PlyCount "98"]
[EventDate "1990.??.??"]

1. e4 c5 2. Nf3 d6 3. d4 Nf6 4. Nc3 cxd4 5. Nxd4 g6 6. g3 Nc6 7. Bg2 Nxd4 8.
Qxd4 Bg7 9. O-O O-O 10. h3 Be6 11. Qd1 Rc8 12. Nd5 Nxd5 13. exd5 Bf5 14. c3 b5
15. a3 Re8 16. Be3 a5 17. Bd4 Bxd4 18. Qxd4 Rc4 19. Qe3 Qc7 20. Rfe1 Qc5 21.
Rad1 Qxe3 22. Rxe3 Rc7 23. Rd4 Rb8 24. Bf1 Kf8 25. Kg2 Bc2 26. g4 g5 27. h4 h6
28. hxg5 hxg5 29. Kg3 Rcb7 30. f4 b4 31. axb4 axb4 32. c4 Ra8 33. Bd3 b3 34.
Re2 Ra2 35. Bxc2 Rxb2 36. Rdd2 bxc2 37. Rxc2 R7b3+ 38. Kg2 Rxc2 39. Rxc2 gxf4
40. Rf2 Rg3+ 41. Kf1 Rxg4 42. Rf3 e5 43. dxe6 fxe6 44. Kf2 e5 45. Ra3 Rg3 46.
Ra7 Ke8 47. Rc7 Kd8 48. Rh7 Rc3 49. Rh8+ Kd7 0-1

[Event "BL 8990 Delmenhorst-Lasker"]
[Site "?"]
[Date "1990.??.??"]
[Round "?.1"]
[White "Brunner, L."]
[Black "Armas, I."]
[Result "0-1"]
[WhiteElo "2505"]
[BlackElo "2480"]
[PlyCount "84"]
[EventDate "1990.??.??"]

1. e4 c5 2. Nf3 d6 3. d4 Nf6 4. Nc3 cxd4 5. Nxd4 a6 6. Bg5 Nc6 7. Bxf6 gxf6 8.
Nb3 h5 9. f4 h4 10. Qd2 Bd7 11. O-O-O e6 12. Qf2 Na5 13. Kb1 Nxb3 14. cxb3 Qa5
15. Rc1 Bc6 16. Bd3 Qc5 17. Qd2 Qd4 18. Rhe1 Be7 19. Re3 Rg8 20. g3 hxg3 21.
hxg3 Kd7 22. Ne2 Qb6 23. Bc4 Bb5 24. Nd4 Bxc4 25. bxc4 Rac8 26. Rb3 Qa7 27. c5
Rc7 28. cxd6 Rxc1+ 29. Kxc1 Bxd6 30. e5 fxe5 31. fxe5 Qc5+ 32. Kb1 Rh8 33. a3
Qxe5 34. Rxb7+ Kc8 35. Rb3 Kd7 36. Nf3 Rh1+ 37. Ka2 Qe4 38. Rd3 Qc4+ 39. b3 Qc5
40. Rc3 Qd5 41. Rd3 Qc5 42. Rc3 Qxa3# 0-1

[Event "BL 8990 Delmenhorst-Lasker"]
[Site "?"]
[Date "1990.??.??"]
[Round "?.3"]
[White "Muse, M."]
[Black "Hermann, Man"]
[Result "1/2-1/2"]
[WhiteElo "2415"]
[BlackElo "2360"]
[PlyCount "25"]
[EventDate "1990.??.??"]

1. d4 d5 2. Nf3 Nf6 3. c4 c6 4. Nc3 dxc4 5. a4 Bf5 6. e3 e6 7. Bxc4 Bb4 8. O-O
O-O 9. Qb3 Qe7 10. Na2 Bd6 11. Bd3 Bxd3 12. Qxd3 Nbd7 13. Rd1 1/2-1/2

[Event "BL 8990 Delmenhorst-Lasker"]
[Site "?"]
[Date "1990.??.??"]
[Round "?.4"]
[White "Borik, O."]
[Black "Lehmann, K."]
[Result "1/2-1/2"]
[WhiteElo "2355"]
[BlackElo "2305"]
[PlyCount "33"]
[EventDate "1990.??.??"]

1. d4 Nf6 2. c4 e6 3. Nc3 Bb4 4. Qc2 c5 5. dxc5 O-O 6. g3 Bxc5 7. Bg2 Nc6 8.
Nf3 d5 9. cxd5 Nb4 10. Qb3 Nbxd5 11. O-O Qb6 12. Nd2 Qa6 13. e4 Nxc3 14. Qxc3
Be7 15. Nb3 Bd7 16. Bg5 Rac8 17. Qd4 1/2-1/2

[Event "BL 8990 Delmenhorst-Lasker"]
[Site "?"]
[Date "1990.??.??"]
[Round "?.5"]
[White "Maxion, D."]
[Black "Schlemermeyer, W."]
[Result "1/2-1/2"]
[WhiteElo "2210"]
[BlackElo "2385"]
[PlyCount "24"]
[EventDate "1990.??.??"]

1. e4 c5 2. Nf3 d6 3. d4 cxd4 4. Nxd4 Nf6 5. Nc3 g6 6. Bc4 Bg7 7. h3 O-O 8. Bb3
Nbd7 9. O-O Nc5 10. Re1 a5 11. a4 Bd7 12. Bc4 Rc8 1/2-1/2

[Event "BL 8990 Delmenhorst-Lasker"]
[Site "?"]
[Date "1990.??.??"]
[Round "?.6"]
[White "Wesseln, K."]
[Black "Meier, V."]
[Result "1-0"]
[WhiteElo "2315"]
[BlackElo "2240"]
[PlyCount "101"]
[EventDate "1990.??.??"]

1. c4 c5 2. Nc3 Nc6 3. Nf3 e5 4. g3 g6 5. Bg2 Bg7 6. O-O Nge7 7. d3 O-O 8. Be3
d6 9. Qc1 Nf5 10. Bg5 f6 11. Bd2 Be6 12. Ne1 Qd7 13. Nc2 Rab8 14. Ne3 Nfe7 15.
Ned5 Bh3 16. Nxe7+ Nxe7 17. Bxh3 Qxh3 18. Nb5 Nc8 19. b4 Qd7 20. Rb1 b6 21.
bxc5 bxc5 22. Qa3 Rb7 23. Nc3 Nb6 24. Qa6 f5 25. a4 Rfb8 26. Rb5 Nc8 27. Rfb1
Rb6 28. Rxb6 Rxb6 29. Rxb6 Nxb6 30. Nb5 Nc8 31. Ba5 e4 32. Bc7 exd3 33. exd3
Be5 34. Nxa7 Ne7 35. Nb5 Nc6 36. Qa8+ Kg7 37. a5 f4 38. Kg2 f3+ 39. Kxf3 Nd4+
40. Nxd4 Bxd4 41. Kg2 h5 42. a6 h4 43. h3 hxg3 44. fxg3 Qa4 45. h4 Qc2+ 46. Kh3
Qxd3 47. a7 Be5 48. Qg2 Bxg3 49. a8=Q Qf5+ 50. Kxg3 Qe5+ 51. Kh3 1-0

[Event "BL 8990 Delmenhorst-Lasker"]
[Site "?"]
[Date "1990.??.??"]
[Round "?.7"]
[White "Paulsen, D."]
[Black "Derikum, A."]
[Result "1/2-1/2"]
[WhiteElo "2295"]
[BlackElo "2285"]
[PlyCount "122"]
[EventDate "1990.??.??"]

1. d4 d5 2. c4 c6 3. Nf3 Nf6 4. Nc3 dxc4 5. Ne5 Be6 6. e3 b5 7. a4 Nd5 8. axb5
Nxc3 9. bxc3 cxb5 10. Qf3 Nd7 11. Nc6 Qc7 12. d5 Ne5 13. Qg3 Nd3+ 14. Bxd3 Qxg3
15. hxg3 Bxd5 16. Nb4 Bxg2 17. Rh2 Bb7 18. Bf1 e5 19. Na6 Kd7 20. f4 e4 21. Ba3
Bxa3 22. Rxa3 Kc6 23. Nb4+ Kb6 24. Rb2 a6 25. Nc2 Kc5 26. Ra5 Rhc8 27. Nd4 Kb6
28. Ra1 Rc5 29. g4 Rh8 30. Rh2 h6 31. Nf5 Rg8 32. Nd6 Bd5 33. Rd2 g6 34. Rad1
Kc6 35. Bg2 Kxd6 36. Bxe4 Re8 37. Rxd5+ Rxd5 38. Rxd5+ Kc7 39. Rd4 f5 40. gxf5
gxf5 41. Bxf5 Rxe3+ 42. Kd2 Rf3 43. Bg4 Rf1 44. Be2 Rg1 45. Ke3 a5 46. Rd5 Kb6
47. Rd6+ Kc5 48. Rxh6 a4 49. Bf3 b4 50. Rh5+ Kb6 51. cxb4 a3 52. Ra5 c3 53. Kd3
Rg3 54. Rxa3 Rxf3+ 55. Ke4 c2 56. Ra1 Rc3 57. Rc1 Kb5 58. f5 Kxb4 59. f6 Rc7
60. f7 Rxf7 61. Rxc2 Rd7 1/2-1/2

[Event "BL 8990 Delmenhorst-Lasker"]
[Site "?"]
[Date "1990.??.??"]
[Round "?.8"]
[White "Meyer, H."]
[Black "Schneider, Bhd"]
[Result "1-0"]
[WhiteElo "2310"]
[BlackElo "2265"]
[PlyCount "109"]
[EventDate "1990.??.??"]

1. d4 Nf6 2. Nf3 g6 3. g3 Bg7 4. Bg2 c5 5. c3 Na6 6. O-O O-O 7. Nbd2 cxd4 8.
cxd4 d6 9. e4 Bd7 10. Qe2 Nb4 11. Rd1 Rc8 12. a3 Qa5 13. e5 Bb5 14. Qxb5 Qxb5
15. exf6 Bxf6 16. axb4 a6 17. Ne4 Bg7 18. Nc3 Qf5 19. Ng5 Qd7 20. Nd5 Rb8 21.
Bh3 Qd8 22. Ne4 h6 23. Nec3 e6 24. Ne3 Qb6 25. Nc2 Rfe8 26. Be3 d5 27. Na4 Qd8
28. Nc5 Qe7 29. Ne1 Rbc8 30. Ned3 Kh7 31. Bf1 g5 32. Ne5 Red8 33. f4 gxf4 34.
Bd3+ Kg8 35. gxf4 b6 36. Nxa6 Bxe5 37. fxe5 Qh4 38. Kh1 Kh8 39. Rf1 Qh3 40.
Rae1 Rg8 41. Rf2 Rg3 42. Bf1 Rxe3 43. Bxh3 Rxe1+ 44. Bf1 Kg7 45. Kg2 Rd1 46.
Rf4 Rc2+ 47. Kg3 Rxb2 48. b5 Rb3+ 49. Kg2 Rb2+ 50. Kg3 Rbb1 51. Kg2 Rd2+ 52.
Kg1 Rdb2 53. Nc7 Kg8 54. Ne8 Rxb5 55. Rg4+ 1-0

[Event "BL 8990 HSK-Zehlendorf"]
[Site "?"]
[Date "1990.??.??"]
[Round "?.1"]
[White "Tal, M."]
[Black "Wahls, M."]
[Result "1/2-1/2"]
[WhiteElo "2585"]
[BlackElo "2535"]
[PlyCount "151"]
[EventDate "1990.??.??"]

1. Nf3 Nf6 2. c4 c5 3. g3 b6 4. Bg2 Bb7 5. O-O e6 6. b3 a6 7. Nc3 d6 8. e4 Be7
9. Re1 Qc7 10. Bb2 O-O 11. d4 cxd4 12. Nxd4 Re8 13. Rc1 Bf8 14. Qd2 Nbd7 15. h3
Rac8 16. Kh2 Qb8 17. f4 g6 18. Nf3 Qa8 19. Qe2 Nc5 20. e5 dxe5 21. fxe5 Nfe4
22. Nxe4 Bxe4 23. Rcd1 b5 24. Rd4 Bc6 25. cxb5 axb5 26. Ba1 Rc7 27. Rc1 Ra7 28.
Rd2 Nxb3 29. Rxc6 Qxc6 30. Nd4 Nxd4 31. Bxd4 Qa6 32. Bxa7 Qxa7 33. Qxb5 Rb8 34.
Qd3 Qc5 35. Re2 Bg7 36. Qd6 Qb5 37. Re3 Rc8 38. h4 Qb2 39. a4 Bf8 40. Qd3 Rc2
41. Qe4 Rc5 42. Re2 Qc3 43. Re3 Qa5 44. h5 Bh6 45. hxg6 hxg6 46. Re2 Bg7 47.
Qa8+ Qxa8 48. Bxa8 Bxe5 49. Kg2 Bc7 50. Bf3 e5 51. Be4 Rc4 52. Bd5 Rd4 53. Bc6
Kg7 54. a5 Rc4 55. Be8 Rc5 56. a6 Ra5 57. Rc2 Bb6 58. Rc6 Rxa6 59. Kh3 f6 60.
Re6 Ra8 61. Bxg6 Kxg6 62. Rxb6 Kg5 63. Kg2 Kf5 64. Kf3 Ra3+ 65. Kf2 e4 66. Rb8
Ra2+ 67. Ke3 Ra3+ 68. Kf2 Rf3+ 69. Kg2 Ke5 70. Ra8 Rd3 71. Kf2 Rf3+ 72. Kg2 f5
73. Ra5+ Kd4 74. Ra4+ Kc5 75. Ra5+ Kb4 76. Rd5 1/2-1/2

[Event "BL 8990 HSK-Zehlendorf"]
[Site "?"]
[Date "1990.??.??"]
[Round "?.2"]
[White "Maus, So"]
[Black "Hulak, K."]
[Result "1-0"]
[WhiteElo "2395"]
[BlackElo "2550"]
[PlyCount "77"]
[EventDate "1990.??.??"]

1. c4 c5 2. g3 g6 3. Bg2 Bg7 4. Nc3 Nc6 5. e3 Nf6 6. Nge2 d6 7. d4 Bd7 8. b3
O-O 9. O-O a6 10. Bb2 Rb8 11. Qd2 b6 12. Rad1 Na5 13. dxc5 bxc5 14. h3 Qc8 15.
Kh2 Bc6 16. e4 Qb7 17. Ba1 Nxe4 18. Nxe4 Bxe4 19. f3 Bxa1 20. Rxa1 Nxc4 21.
bxc4 Bc6 22. Nc3 Qb4 23. Qd3 Qa3 24. Rf2 Rfd8 25. Rd1 Rb4 26. f4 Bxg2 27. Kxg2
e6 28. g4 d5 29. cxd5 Rd4 30. Qf3 exd5 31. Rxd4 cxd4 32. Nd1 Qa4 33. f5 g5 34.
Rd2 Qb4 35. Qd3 Re8 36. Nf2 Re1 37. Qxd4 Qb5 38. Qd3 Qc6 39. Qxd5 1-0

[Event "BL 8990 HSK-Zehlendorf"]
[Site "?"]
[Date "1990.??.??"]
[Round "?.3"]
[White "Wockenfuss, K."]
[Black "Reefschlaeger, H."]
[Result "1/2-1/2"]
[WhiteElo "2405"]
[BlackElo "2395"]
[PlyCount "24"]
[EventDate "1990.??.??"]

1. g3 g6 2. Bg2 Bg7 3. e4 d6 4. d4 Nf6 5. Nc3 O-O 6. Nge2 e5 7. h3 Nc6 8. Be3
exd4 9. Nxd4 Bd7 10. O-O Re8 11. Nde2 b5 12. a3 a5 1/2-1/2

[Event "BL 8990 HSK-Zehlendorf"]
[Site "?"]
[Date "1990.??.??"]
[Round "?.5"]
[White "Loeffler, S."]
[Black "Mueller, Ka"]
[Result "1-0"]
[WhiteElo "2305"]
[BlackElo "2365"]
[PlyCount "73"]
[EventDate "1990.??.??"]

1. d4 d5 2. c4 e6 3. Nf3 c6 4. Nc3 Nf6 5. Bg5 dxc4 6. e4 b5 7. a4 Bb4 8. e5 h6
9. exf6 hxg5 10. fxg7 Rg8 11. h4 g4 12. h5 Rxg7 13. Ne5 f5 14. Be2 Bb7 15. Bxg4
Nd7 16. h6 Rh7 17. Nxd7 Kxd7 18. Bf3 a6 19. Qd2 Qf6 20. axb5 axb5 21. Rxa8 Bxa8
22. Ke2 Bb7 23. Rh5 Bf8 24. Qf4 Bd6 25. Qe3 Bf8 26. g4 fxg4 27. Bxg4 Rxh6 28.
Ne4 Qg6 29. Rg5 Qh7 30. Re5 Be7 31. d5 cxd5 32. Qb6 Qg7 33. Qxb7+ Kd8 34. Rxd5+
Ke8 35. Nd6+ Bxd6 36. Qxg7 exd5 37. Qxh6 1-0

[Event "BL 8990 HSK-Zehlendorf"]
[Site "?"]
[Date "1990.??.??"]
[Round "?.6"]
[White "Sievers, S."]
[Black "Vogel, R."]
[Result "1-0"]
[WhiteElo "2255"]
[BlackElo "2320"]
[PlyCount "81"]
[EventDate "1990.??.??"]

1. e4 c5 2. Nf3 Nc6 3. d4 cxd4 4. Nxd4 Nf6 5. Nc3 d6 6. f4 e6 7. Be2 Be7 8. Be3
O-O 9. Qd2 a6 10. O-O-O Bd7 11. g4 Nxd4 12. Qxd4 Bc6 13. g5 Nd7 14. Rhg1 b5 15.
f5 b4 16. Nb1 d5 17. exd5 Bxd5 18. f6 Bc5 19. Qd2 Qb6 20. Bxc5 Nxc5 21. Rg4 Be4
22. Qe3 Bf5 23. Rc4 Rfc8 24. Rdd4 a5 25. Nd2 a4 26. Rxb4 Qc7 27. Rbc4 Qxh2 28.
Nf3 Qg3 29. Qc3 e5 30. Rd2 e4 31. Rxc5 Rxc5 32. Qxc5 exf3 33. Qc6 Rb8 34. Bxf3
Qxg5 35. Qxa4 Qxf6 36. Qd4 Qg5 37. b3 h5 38. Kb2 h4 39. Rg2 Qh6 40. Qe5 Rd8 41.
Qxf5 1-0

[Event "BL 8990 München 36-Koblenz"]
[Site "?"]
[Date "1990.??.??"]
[Round "?.1"]
[White "Garcia Palermo, C."]
[Black "Smejkal, J."]
[Result "0-1"]
[WhiteElo "2465"]
[BlackElo "2545"]
[PlyCount "36"]
[EventDate "1990.??.??"]

1. c4 e5 2. Nc3 d6 3. d4 exd4 4. Qxd4 Nf6 5. Nf3 Nc6 6. Qd2 Be6 7. Nd5 Ne5 8.
b3 Ne4 9. Qe3 Nc5 10. Bb2 c6 11. Nf4 Ng4 12. Qc1 Ne4 13. Nd3 Ngxf2 14. Nxf2
Qa5+ 15. Bc3 Nxc3 16. Qd2 d5 17. Nd1 Bb4 18. a3 Nxd1 0-1

[Event "BL 8990 München 36-Koblenz"]
[Site "?"]
[Date "1990.??.??"]
[Round "?.3"]
[White "Wolf, V."]
[Black "Bastian, H."]
[Result "0-1"]
[WhiteElo "2340"]
[BlackElo "2340"]
[PlyCount "64"]
[EventDate "1990.??.??"]

1. e4 e5 2. Nf3 Nc6 3. d4 exd4 4. Nxd4 Bc5 5. Be3 Bb6 6. Bc4 Ne5 7. Bb3 Nf6 8.
Nc3 d6 9. h3 O-O 10. O-O Bd7 11. a4 h6 12. a5 Bc5 13. Re1 Bb4 14. f4 Ng6 15.
Qd3 Kh8 16. a6 bxa6 17. Rxa6 Qc8 18. Bd2 Bc5 19. Raa1 Nh5 20. Nce2 Qb7 21. Kh2
Rae8 22. g4 Nf6 23. Ng3 Bxd4 24. Qxd4 Nh4 25. Rf1 c5 26. Qxd6 Nxe4 27. Nxe4
Qxe4 28. Kg3 Qg2+ 29. Kxh4 Bxg4 30. Rh1 Be2 31. Qxc5 g5+ 32. fxg5 Re4+ 0-1

[Event "BL 8990 München 36-Koblenz"]
[Site "?"]
[Date "1990.??.??"]
[Round "?.4"]
[White "Pichler, J."]
[Black "Schulz, KJ."]
[Result "1-0"]
[WhiteElo "2325"]
[BlackElo "2350"]
[PlyCount "89"]
[EventDate "1990.??.??"]

1. e4 c5 2. Nf3 e6 3. d4 cxd4 4. Nxd4 Nf6 5. Nc3 d6 6. Be3 Be7 7. f3 O-O 8. Qd2
a6 9. g4 Nc6 10. O-O-O Nxd4 11. Bxd4 b5 12. g5 Nd7 13. Rg1 b4 14. Na4 Qa5 15.
b3 Nc5 16. Nb2 Qxa2 17. Qxb4 a5 18. Qc3 Ba6 19. Bxa6 Nxa6 20. Na4 d5 21. Qa1
Qxa1+ 22. Bxa1 dxe4 23. fxe4 Nc5 24. Bf6 Nxa4 25. Bxe7 Rfe8 26. Rd7 Nc3 27. Re1
Rec8 28. Kb2 Rab8 29. Bd6 Rb5 30. e5 Na4+ 31. Ka3 Nc5 32. Ra7 Nb7 33. c4 Nxd6
34. exd6 Rxg5 35. d7 Rd8 36. Rd1 Kf8 37. b4 axb4+ 38. Kxb4 Ke7 39. c5 Rg4+ 40.
Kb5 Rb8+ 41. Kc6 Rd8 42. Rc7 e5 43. Rc8 Rc4 44. Rxd8 Kxd8 45. Ra1 1-0

[Event "BL 8990 München 36-Koblenz"]
[Site "?"]
[Date "1990.??.??"]
[Round "?.5"]
[White "Brueckner, T."]
[Black "Goetz, R."]
[Result "1/2-1/2"]
[WhiteElo "2410"]
[BlackElo "2315"]
[PlyCount "43"]
[EventDate "1990.??.??"]

1. Nf3 c5 2. c4 Nc6 3. g3 Nf6 4. Nc3 d5 5. d4 e6 6. cxd5 Nxd5 7. Bg2 Be7 8. O-O
O-O 9. Rb1 Nb6 10. e3 cxd4 11. Nxd4 Nxd4 12. exd4 Bf6 13. Be3 Nc4 14. Qe2 Nxe3
15. fxe3 Qb6 16. Rxf6 gxf6 17. Qg4+ Kh8 18. Qh4 f5 19. Qf6+ Kg8 20. Bxb7 Bxb7
21. Qg5+ Kh8 22. Qf6+ 1/2-1/2

[Event "BL 8990 München 36-Koblenz"]
[Site "?"]
[Date "1990.??.??"]
[Round "?.6"]
[White "Roese, O."]
[Black "Doncevic, D."]
[Result "1-0"]
[WhiteElo "2345"]
[BlackElo "2335"]
[PlyCount "27"]
[EventDate "1990.??.??"]

1. e4 d5 2. exd5 Qxd5 3. Nc3 Qa5 4. d4 Nf6 5. Nf3 Nc6 6. Bb5 Bd7 7. d5 Nb4 8.
Bxd7+ Nxd7 9. O-O Nf6 10. Qe2 Nbxd5 11. Nb5 c6 12. Nd6+ Kd7 13. Nxf7 Rg8 14. c4
1-0

[Event "BL 8990 Bayern-Porz"]
[Site "?"]
[Date "1990.??.??"]
[Round "?.1"]
[White "Hort, V."]
[Black "Huebner, R."]
[Result "1/2-1/2"]
[WhiteElo "2570"]
[BlackElo "2605"]
[PlyCount "25"]
[EventDate "1990.??.??"]

1. d4 Nf6 2. c4 e6 3. Nf3 b6 4. g3 Ba6 5. b3 Bb7 6. Bg2 Bb4+ 7. Bd2 a5 8. O-O
O-O 9. Qc2 c5 10. Nc3 cxd4 11. Nxd4 Bxg2 12. Kxg2 Nc6 13. Nxc6 1/2-1/2

[Event "BL 8990 Bayern-Porz"]
[Site "?"]
[Date "1990.??.??"]
[Round "?.2"]
[White "Ribli, Z."]
[Black "Fleck, J."]
[Result "1-0"]
[WhiteElo "2605"]
[BlackElo "2415"]
[PlyCount "75"]
[EventDate "1990.??.??"]

1. Nf3 c5 2. c4 Nc6 3. e3 g6 4. d4 Bg7 5. d5 Ne5 6. Nxe5 Bxe5 7. Be2 d6 8. O-O
Bg7 9. Nc3 Nf6 10. e4 O-O 11. Bf4 Ne8 12. Qd2 Nc7 13. Rad1 a6 14. Kh1 b5 15. b3
Bd7 16. Bd3 Rb8 17. Bh6 bxc4 18. Bxg7 Kxg7 19. Bxc4 Bb5 20. f4 Bxc4 21. bxc4
Rb4 22. Qd3 Na8 23. a3 Rb3 24. Qc2 Rb8 25. e5 f5 26. exf6+ exf6 27. f5 Nb6 28.
Ne4 Rf7 29. fxg6 hxg6 30. Qc3 Qe7 31. Ng5 Qe5 32. Qxe5 dxe5 33. Nxf7 Kxf7 34.
Rb1 Ke7 35. a4 e4 36. a5 Nd7 37. Rxb8 Nxb8 38. g4 1-0

[Event "BL 8990 Bayern-Porz"]
[Site "?"]
[Date "1990.??.??"]
[Round "?.3"]
[White "Lutz, C."]
[Black "Hjartarson, J."]
[Result "0-1"]
[WhiteElo "2410"]
[BlackElo "2555"]
[PlyCount "58"]
[EventDate "1990.??.??"]

1. d4 Nf6 2. c4 e6 3. Nc3 Bb4 4. e3 O-O 5. Bd3 d5 6. cxd5 exd5 7. Nge2 Re8 8.
a3 Bd6 9. b4 c6 10. Ng3 b5 11. Qc2 a5 12. bxa5 Rxa5 13. O-O h5 14. e4 h4 15.
Nge2 dxe4 16. Nxe4 Nxe4 17. Bxe4 b4 18. Re1 bxa3 19. Bd2 Rb5 20. Nf4 Rb2 21.
Qd1 Nd7 22. Nd3 Rb8 23. Bxc6 Rxe1+ 24. Qxe1 Qf6 25. Qe4 Nf8 26. Ne5 Bf5 27. Qe3
Bxe5 28. Qxe5 Qxe5 29. dxe5 a2 0-1

[Event "BL 8990 Bayern-Porz"]
[Site "?"]
[Date "1990.??.??"]
[Round "?.4"]
[White "Kindermann, S."]
[Black "Ostermeyer, P."]
[Result "1-0"]
[WhiteElo "2530"]
[BlackElo "2465"]
[PlyCount "35"]
[EventDate "1990.??.??"]

1. e4 e6 2. d4 d5 3. Nc3 dxe4 4. Nxe4 Nd7 5. Nf3 Ngf6 6. Bg5 Be7 7. Nxf6+ Bxf6
8. Bxf6 Qxf6 9. Qd2 O-O 10. O-O-O c5 11. Qe3 cxd4 12. Rxd4 e5 13. Re4 Re8 14.
Bc4 h6 15. Re1 Qc6 16. Bb3 Nc5 17. Nxe5 Nxb3+ 18. Qxb3 1-0

[Event "BL 8990 Bayern-Porz"]
[Site "?"]
[Date "1990.??.??"]
[Round "?.5"]
[White "Jackelen, T."]
[Black "Bischoff, K."]
[Result "0-1"]
[WhiteElo "2355"]
[BlackElo "2530"]
[PlyCount "104"]
[EventDate "1990.??.??"]

1. Nf3 Nf6 2. c4 c5 3. Nc3 e6 4. g3 Be7 5. Bg2 O-O 6. O-O a6 7. b3 Qc7 8. Bb2
d6 9. e3 Nbd7 10. d4 cxd4 11. exd4 Re8 12. Rc1 b6 13. Nd2 Bb7 14. d5 e5 15.
Nde4 Nxe4 16. Nxe4 f5 17. Nd2 a5 18. Re1 Nc5 19. Qc2 Bg5 20. Rcd1 e4 21. Bf1
Qf7 22. Bd4 Bc8 23. f3 Qg6 24. Kh1 Bd7 25. Qc3 exf3 26. Nxf3 Bh6 27. Bg2 Qh5
28. Kg1 f4 29. gxf4 Bg4 30. Rxe8+ Rxe8 31. Re1 Bxf4 32. Rxe8+ Qxe8 33. Qe1
Qxe1+ 34. Nxe1 Bf5 35. Bf1 Bd2 36. Nf3 Bc1 37. Bc3 Bb1 38. b4 axb4 39. Bxb4
Be3+ 40. Kg2 Bxa2 41. Bc3 Bb1 42. Nd4 Bf4 43. Nc6 Be4+ 44. Kf2 Bxh2 45. Ne7+
Kf7 46. Nc8 g5 47. Be2 Bf5 48. Bh5+ Kf8 49. Nxb6 Ke7 50. Bd4 g4 51. Kg2 Bf4 52.
Bf2 Kd8 0-1

[Event "BL 8990 Bayern-Porz"]
[Site "?"]
[Date "1990.??.??"]
[Round "?.6"]
[White "Hertneck, G."]
[Black "Schmidt, B."]
[Result "1-0"]
[WhiteElo "2475"]
[BlackElo "2315"]
[PlyCount "67"]
[EventDate "1990.??.??"]

1. d4 d5 2. c4 c6 3. Nf3 Nf6 4. Nc3 g6 5. Bf4 dxc4 6. e3 Nd5 7. Be5 f6 8. Bxb8
Rxb8 9. Bxc4 Nxc3 10. bxc3 b5 11. Bb3 e6 12. Nd2 c5 13. O-O Kf7 14. a4 b4 15.
cxb4 cxd4 16. b5 a6 17. Nf3 axb5 18. axb5 Rxb5 19. Nxd4 Rb6 20. Qc2 Bd7 21. Ra7
Be7 22. Rd1 Rd6 23. Nxe6 Rxd1+ 24. Qxd1 Bxe6 25. Bxe6+ Kxe6 26. Qb3+ Ke5 27.
Qb2+ Kf5 28. Qb5+ Ke6 29. Qc4+ Ke5 30. h3 g5 31. g4 Qd1+ 32. Kh2 Bd8 33. Ra6
Qd6 34. f4+ 1-0

[Event "BL 8990 Bayern-Porz"]
[Site "?"]
[Date "1990.??.??"]
[Round "?.7"]
[White "Heinbuch, D."]
[Black "Schlosser, P."]
[Result "1/2-1/2"]
[WhiteElo "2350"]
[BlackElo "2475"]
[PlyCount "44"]
[EventDate "1990.??.??"]

1. d4 d5 2. c4 dxc4 3. Nf3 e6 4. e3 Nf6 5. Bxc4 c5 6. O-O a6 7. a4 Nc6 8. Qe2
Qc7 9. Nc3 Be7 10. Rd1 O-O 11. h3 Rd8 12. dxc5 Rxd1+ 13. Nxd1 Bxc5 14. Bd2 b6
15. Rc1 Bb7 16. a5 Ne4 17. axb6 Bxb6 18. Bd3 Nxd2 19. Qxd2 Rc8 20. Be4 g6 21.
Qd3 Qd8 22. Qxd8+ Nxd8 1/2-1/2

[Event "BL 8990 Bayern-Porz"]
[Site "?"]
[Date "1990.??.??"]
[Round "?.8"]
[White "Stangl, M."]
[Black "Dresen, U."]
[Result "1-0"]
[WhiteElo "2375"]
[BlackElo "2280"]
[PlyCount "91"]
[EventDate "1990.??.??"]

1. Nf3 d5 2. c4 c6 3. d4 Nf6 4. Nc3 dxc4 5. e3 Bg4 6. Bxc4 e6 7. h3 Bxf3 8.
Qxf3 Nbd7 9. O-O Be7 10. Rd1 O-O 11. e4 Qa5 12. Qe2 Rfe8 13. Bd2 Qh5 14. Qxh5
Nxh5 15. g4 Nhf6 16. g5 Nh5 17. Be2 g6 18. Rac1 Nb6 19. Be3 Ng7 20. Kg2 Red8
21. a4 Nd7 22. a5 a6 23. Bg4 f5 24. gxf6 Nxf6 25. Bf3 Rf8 26. Ne2 Rae8 27. Rc3
Bd8 28. Rb3 Rf7 29. Bd2 Ngh5 30. Ng3 Ref8 31. Bh6 Ng7 32. Ra1 Kh8 33. Ra4 Ng8
34. Bd2 h5 35. Bb4 Re8 36. Bd6 h4 37. Ne2 Nh5 38. Rab4 Bxa5 39. Rxb7 Nh6 40.
Rb8 Rxb8 41. Rxb8+ Kh7 42. Ra8 Be1 43. Rxa6 Nf6 44. Nf4 Ne8 45. Be5 Rb7 46.
Rxc6 1-0

[Event "BL 8990 Koblenz-Bayern"]
[Site "?"]
[Date "1990.??.??"]
[Round "?.3"]
[White "Hjartarson, J."]
[Black "Wolf, V."]
[Result "1-0"]
[WhiteElo "2555"]
[BlackElo "2340"]
[PlyCount "73"]
[EventDate "1990.??.??"]

1. e4 Nf6 2. e5 Nd5 3. d4 d6 4. Nf3 Nb6 5. a4 a5 6. exd6 cxd6 7. Bb5+ Bd7 8. d5
g6 9. Qd4 Rg8 10. O-O Bxb5 11. axb5 N8d7 12. Re1 Bg7 13. Qd1 Nf6 14. Nc3 Qc7
15. Be3 Kf8 16. Bd4 h6 17. b3 Rh8 18. Ra2 Ne8 19. Ne4 Nd7 20. c4 Ne5 21. Nh4 b6
22. Nc3 Nf6 23. Na4 Ned7 24. Rae2 Re8 25. Re3 Nc5 26. Nxc5 bxc5 27. Bc3 Rh7 28.
Qe2 Nh5 29. Nxg6+ fxg6 30. Rf3+ Kg8 31. Qe6+ Kh8 32. Qxg6 Rg8 33. Qxh5 Bxc3 34.
Rxc3 a4 35. Rg3 Rxg3 36. hxg3 Rg7 37. Re6 1-0

[Event "BL 8990 Koblenz-Bayern"]
[Site "?"]
[Date "1990.??.??"]
[Round "?.4"]
[White "Schulz, KJ."]
[Black "Kindermann, S."]
[Result "1/2-1/2"]
[WhiteElo "2350"]
[BlackElo "2530"]
[PlyCount "114"]
[EventDate "1990.??.??"]

1. d4 Nf6 2. Nf3 g6 3. c4 Bg7 4. g3 O-O 5. Bg2 d5 6. cxd5 Nxd5 7. O-O Nb6 8.
Nc3 Nc6 9. e3 e5 10. d5 Na5 11. e4 c6 12. Bg5 f6 13. Be3 cxd5 14. exd5 Nac4 15.
Bc5 Nd6 16. a4 Bg4 17. a5 Nbc8 18. Qa4 Bxf3 19. Bxf3 Rf7 20. Rfd1 Bf8 21. Rac1
Rc7 22. b4 Rb8 23. Qb3 f5 24. Nb5 Rf7 25. Nxa7 e4 26. Be2 f4 27. Nxc8 Rxc8 28.
Bb6 Qd7 29. Rxc8 Qxc8 30. gxf4 Bh6 31. Be3 Qh3 32. Bf1 Qg4+ 33. Bg2 Bxf4 34.
Bxf4 Rxf4 35. Re1 Qg5 36. h3 Rf8 37. Rd1 Rf3 38. Qc2 e3 39. fxe3 Qxe3+ 40. Kh2
Qf4+ 41. Kh1 Ne4 42. d6 Nf2+ 43. Qxf2 Rxf2 44. d7 Rd2 45. d8=Q+ Rxd8 46. Rxd8+
Kg7 47. Rd7+ Kf6 48. Rxb7 Qc1+ 49. Kh2 Qf4+ 50. Kg1 Kg5 51. a6 Kh4 52. Rd7 Qe3+
53. Kh2 Qe5+ 54. Kh1 Qa1+ 55. Kh2 Qe5+ 56. Kh1 Qa1+ 57. Kh2 Qe5+ 1/2-1/2

[Event "BL 8990 Koblenz-Bayern"]
[Site "?"]
[Date "1990.??.??"]
[Round "?.5"]
[White "Bischoff, K."]
[Black "Brueckner, T."]
[Result "1/2-1/2"]
[WhiteElo "2530"]
[BlackElo "2410"]
[PlyCount "33"]
[EventDate "1990.??.??"]

1. c4 e5 2. Nc3 Nf6 3. e3 Be7 4. Nf3 Nc6 5. Be2 O-O 6. d4 exd4 7. Nxd4 d5 8.
cxd5 Nb4 9. O-O Nbxd5 10. Nxd5 Qxd5 11. Qc2 c5 12. Bf3 Qe5 13. Ne2 Bf5 14. Qc3
Qc7 15. Ng3 Bg6 16. b3 Nd5 17. Bxd5 1/2-1/2

[Event "BL 8990 Koblenz-Bayern"]
[Site "?"]
[Date "1990.??.??"]
[Round "?.6"]
[White "Doncevic, D."]
[Black "Hertneck, G."]
[Result "1/2-1/2"]
[WhiteElo "2335"]
[BlackElo "2475"]
[PlyCount "90"]
[EventDate "1990.??.??"]

1. e4 e6 2. d4 d5 3. Nd2 b6 4. Ngf3 Nf6 5. exd5 exd5 6. Ne5 Bd7 7. Bd3 c5 8.
O-O c4 9. Re1 Be7 10. Bf1 Nc6 11. Nxc6 Bxc6 12. b3 O-O 13. bxc4 Bb4 14. Rb1 Bc3
15. Ba3 Re8 16. Rxe8+ Qxe8 17. Nf3 dxc4 18. Bxc4 Bxf3 19. Qxf3 Bxd4 20. Rd1 Rc8
21. Bb3 h5 22. h3 Rd8 23. Bc1 Bc5 24. Rxd8 Qxd8 25. Bg5 Qe7 26. g3 Qe1+ 27. Kg2
Bxf2 28. h4 Qg1+ 29. Kh3 Qf1+ 30. Qg2 Qe2 31. Bxf6 gxf6 32. Bd5 Qxc2 33. Qe4
Qxe4 34. Bxe4 Kg7 35. Kg2 Be1 36. Bd3 f5 37. Bxf5 b5 38. Bd3 b4 39. Be2 a5 40.
Bd1 f5 41. Bxh5 a4 42. Bd1 b3 43. Bxb3 axb3 44. axb3 Kf6 45. Kf3 Ke5 1/2-1/2